Savills Scottish rural property market briefing (Record no. 107814)

MARC details
000 -LEADER
fixed length control field 01611cam a22001935a 4500
001 - CONTROL NUMBER
control field E141971
008 - FIXED-LENGTH DATA ELEMENTS--GENERAL INFORMATION
fixed length control field 080117s2007 stk f 000 0 eng d
035 ## - SYSTEM CONTROL NUMBER
System control number (Sirsi) u141971
041 0# - LANGUAGE CODE
Language code of text/sound track or separate title eng
050 04 - LIBRARY OF CONGRESS CALL NUMBER
Classification number 630 $2 18
110 2# - MAIN ENTRY--CORPORATE NAME
Corporate name or jurisdiction name as entry element Savills Research
9 (RLIN) 5211
245 00 - TITLE STATEMENT
Title Savills Scottish rural property market briefing
Remainder of title Winter 2007-2008
Medium [electronic resource]
260 ## - PUBLICATION, DISTRIBUTION, ETC.
Place of publication, distribution, etc. London
Name of publisher, distributor, etc. Savills
Date of publication, distribution, etc. 2007
520 ## - SUMMARY, ETC.
Summary, etc. Reports that interest rates staying down and profits back into farming there will be money in farmers' pockets to buy farmland next year, as long as grain and dairy prices hold up. The outlook for the coming year looks good for land values. Scottish arable acres are proving particularly hot, with bare arable land selling for £4 000 to £5 000 per acre on average. Good arable units have been attracting premiums of up to 80% over asking price, and top prices in 2008 may exceed £7 000 per acre. Also reports that a surge of interest in country houses from Scotland-based buyers has been notable in recent months and the profile of Scottish farmland buyers has changed in recent months with an easing of demand from heavyweight Irish buyers. Finally, the expansion of Glasgow and Perth have been the main drivers behind the growth in greenfield land values in Scotland during the past year with demand for family housing and site scarcity accounting for the rise in values. [Taken from summary]
651 #4 - SUBJECT ADDED ENTRY--GEOGRAPHIC NAME
Geographic name Scotland
Chronological subdivision 1999-
690 ## - LOCAL SUBJECT ADDED ENTRY--TOPICAL TERM (OCLC, RLIN)
Topical term or geographic name as entry element PROPERTY-RURAL AND NATURAL ASSETS
856 40 - ELECTRONIC LOCATION AND ACCESS
Uniform Resource Identifier <a href="https://www.savills.com/research/">https://www.savills.com/research/</a>
Public note View the article free of charge at www.savills.co.uk...
942 ## - ADDED ENTRY ELEMENTS (KOHA)
Suppress in OPAC 0
Holdings
Withdrawn status Lost status Source of classification or shelving scheme Damaged status Not for loan Home library Current library Shelving location Date acquired Total Checkouts Full call number Barcode Date last seen Copy number Price effective from Koha item type
    Dewey Decimal Classification     Virtual Virtual Online 17/01/2008   ONLINE PUBLICATION 141971-2001 06/08/2019 1 06/08/2019 Book